| 000 | 00374nam a22001457a 4500 | ||
|---|---|---|---|
| 999 |
_c9509 _d9509 |
||
| 003 | OSt | ||
| 005 | 20210630110834.0 | ||
| 008 | 210630b ||||| |||| 00| 0 eng d | ||
| 020 | _a9780500291283 | ||
| 082 |
_a721.04 _bDEN |
||
| 100 | _aDent, Andrew and Sherr Leslie | ||
| 245 | _aMaterial innovation Architecture | ||
| 260 |
_aNew York _bThames and Hudson _c2014 |
||
| 942 | _2ddc | ||